<?xml version="1.0" encoding="UTF-8"?>
<record
    xmlns:xsi="http://www.w3.org/2001/XMLSchema-instance"
    xsi:schemaLocation="http://www.loc.gov/MARC21/slim http://www.loc.gov/standards/marcxml/schema/MARC21slim.xsd"
    xmlns="http://www.loc.gov/MARC21/slim">

  <leader>01953cam a22003014a 4500</leader>
  <controlfield tag="001">12569502</controlfield>
  <controlfield tag="003">OSt</controlfield>
  <controlfield tag="005">20230807154347.0</controlfield>
  <controlfield tag="008">011026s2002    nyu      b    001 0 eng  </controlfield>
  <datafield tag="010" ind1=" " ind2=" ">
    <subfield code="a">  2001054847</subfield>
  </datafield>
  <datafield tag="020" ind1=" " ind2=" ">
    <subfield code="a">0273655833 (pbk.)</subfield>
  </datafield>
  <datafield tag="040" ind1=" " ind2=" ">
    <subfield code="a">DLC</subfield>
    <subfield code="c">LC</subfield>
    <subfield code="d">DLC</subfield>
  </datafield>
  <datafield tag="042" ind1=" " ind2=" ">
    <subfield code="a">pcc</subfield>
  </datafield>
  <datafield tag="050" ind1="0" ind2="0">
    <subfield code="a">HF5625.C74</subfield>
  </datafield>
  <datafield tag="082" ind1="0" ind2="0">
    <subfield code="a">657</subfield>
    <subfield code="2">21</subfield>
  </datafield>
  <datafield tag="245" ind1="0" ind2="0">
    <subfield code="a">Comparative international accounting /</subfield>
    <subfield code="c">[edited by] Christopher Nobes, Robert Parker.</subfield>
  </datafield>
  <datafield tag="250" ind1=" " ind2=" ">
    <subfield code="a">7th ed.</subfield>
  </datafield>
  <datafield tag="260" ind1=" " ind2=" ">
    <subfield code="a">Harlow:</subfield>
    <subfield code="b">Financial Times/Prentice-Hall,</subfield>
    <subfield code="c">2002.</subfield>
  </datafield>
  <datafield tag="300" ind1=" " ind2=" ">
    <subfield code="a">xix, 593 p. ;</subfield>
    <subfield code="c">25 cm.</subfield>
  </datafield>
  <datafield tag="504" ind1=" " ind2=" ">
    <subfield code="a">Includes bibliographical references and index.</subfield>
  </datafield>
  <datafield tag="505" ind1=" " ind2=" ">
    <subfield code="a">Contents: Context of international accounting: Introduction -- Causes of international differences -- Some major international differences in financial reporting -- International classification of financial reporting -- International harmonization of accounting -- The requirements of International Accounting standards -- Country sides: Financial reporting in the United Kingdom -- Financial reporting in the United States -- Financial reporting in the Netherlands -- Financial reporting in France -- Financial reporting in Germany -- Financial reporting in Japan -- Financial reporting in nine other important countries -- Financial reporting in Central and Eastern Europe and in China -- Issues in international accounting: Liabilities -- Consolidation -- Foreign currency translation -- Segment reporting -- Analysis and management issues: International financial analysis -- International auditing -- International aspects of corporate income taxes -- Managerial accounting - </subfield>
  </datafield>
  <datafield tag="650" ind1=" " ind2="0">
    <subfield code="a">Comparative accounting.</subfield>
    <subfield code="9">2184</subfield>
  </datafield>
  <datafield tag="700" ind1="1" ind2=" ">
    <subfield code="a">Nobes, Christopher.</subfield>
    <subfield code="9">2185</subfield>
  </datafield>
  <datafield tag="700" ind1="1" ind2=" ">
    <subfield code="a">Parker, Robert.</subfield>
    <subfield code="9">2186</subfield>
  </datafield>
  <datafield tag="906" ind1=" " ind2=" ">
    <subfield code="a">7</subfield>
    <subfield code="b">cbc</subfield>
    <subfield code="c">orignew</subfield>
    <subfield code="d">1</subfield>
    <subfield code="e">ocip</subfield>
    <subfield code="f">20</subfield>
    <subfield code="g">y-gencatlg</subfield>
  </datafield>
  <datafield tag="942" ind1=" " ind2=" ">
    <subfield code="2">lcc</subfield>
    <subfield code="c">BK</subfield>
  </datafield>
  <datafield tag="999" ind1=" " ind2=" ">
    <subfield code="c">9977</subfield>
    <subfield code="d">17477</subfield>
  </datafield>
  <datafield tag="952" ind1=" " ind2=" ">
    <subfield code="0">0</subfield>
    <subfield code="1">0</subfield>
    <subfield code="2">lcc</subfield>
    <subfield code="4">0</subfield>
    <subfield code="7">0</subfield>
    <subfield code="a">WIUC-KL</subfield>
    <subfield code="b">WIUC-KL</subfield>
    <subfield code="c">GEN</subfield>
    <subfield code="d">2023-03-20</subfield>
    <subfield code="l">0</subfield>
    <subfield code="o">HF5625.C74(7e)</subfield>
    <subfield code="p">K/3162/0260/23</subfield>
    <subfield code="r">2023-08-07 00:00:00</subfield>
    <subfield code="w">2023-08-07</subfield>
    <subfield code="y">BK</subfield>
  </datafield>
</record>
